00345nam a2200109Ia 4500008004100000082000800041100003000049245003500079942000600114952010000120999001500220240331s9999 xx 000 0 und d bWOM aYogoslavia Collection. ed 0aWomen living under muslim laws cL 001040708LaWERCLbWERCLcSSCd2024-03-31l0o 346.0134 WOMp2506r2024-03-31w2024-03-31yL c2830d2830